| 000 | 00446nam a2200157Ia 4500 | ||
|---|---|---|---|
| 008 | 210716s2006 xx 000 0 und d | ||
| 020 | _a9780471761176 | ||
| 041 | _aeng | ||
| 082 | _a657.3 HITJ | ||
| 100 | _aHitchner, James R. | ||
| 245 |
_aFinancial valuation: applications and models. _bApplications and models. |
||
| 250 | _a2 | ||
| 260 |
_aNew Jersey _bJohn Wiley and Sons _c2006 |
||
| 300 | _axxxii,1336 | ||
| 650 | _aFinancial Accounting | ||
| 999 |
_c206347 _d206347 |
||